000 00321nam a22001337a 4500
008 171121b xxu||||| |||| 00| 0 eng d
020 _a9780321840356
041 _aeng
080 _212 ED
_a37
100 _a46
101 _aEDU
245 _aWRITING AND READING ACROSS THE CURRICULUM
_cROSEN.L.J
942 _2udc
_cBK
999 _c38284
_d38284